Recituje Irena Kačírková /
IRENA KAČÍRKOVÁ (*24.3.1925 - †26.10.1985) byla krásná, vzdělaná a noblesní herečka, o které se říká, že se měla narodit v jiné době. Se svým vzhledem neslovanské, impozantní krásky nemohla ve filmech přesvědčivě ztvárnit kované soudružky, rázné selky nebo dojičky z JZD, jejichž postavy se vyskytova...
Uloženo v:
| Hlavní autor: | |
|---|---|
| Další autoři: | |
| Médium: | E-audiokniha |
| Vydáno: |
Praha :
Supraphon a.s.,
2025
|
| Tagy: |
Žádné tagy |
| LEADER | 03105nim a22003737i 4500 | ||
|---|---|---|---|
| 001 | 302476 | ||
| 007 | sr nunnnnnnned | ||
| 024 | |a 859692543512 | ||
| 044 | |a xr | ||
| 100 | 1 | |a Goethe, Johann Wolfgang von |4 aut | |
| 245 | 1 | 0 | |a Recituje Irena Kačírková / |c Goethe, Johann Wolfgang von |
| 264 | 1 | |a Praha : |b Supraphon a.s., |c 2025 | |
| 300 | |a 1 online zdroj (49 min., 35 sek.) | ||
| 336 | |a mluvené slovo |b spw |2 rdacontent | ||
| 337 | |a audio |b s |2 rdamedia | ||
| 338 | |a online zdroj |b cr |2 rdacarrier | ||
| 505 | 0 | 0 | |t Mignon (1 min., 36 sek.) |
| 505 | 0 | 0 | |t Píseň (0 min., 41 sek.) |
| 505 | 0 | 0 | |t Bim, bam, bum (1 min., 7 sek.) |
| 505 | 0 | 0 | |t Anděl (1 min., 3 sek.) |
| 505 | 0 | 0 | |t Číše života (1 min., 5 sek.) |
| 505 | 0 | 0 | |t Bytí (1 min., 9 sek.) |
| 505 | 0 | 0 | |t Já odemkla skříňku rezavou (1 min., 54 sek.) |
| 505 | 0 | 0 | |t Chuť lásky. Světová milostná pozie (12. část)-Snídaně (1 min., 26 sek.) |
| 505 | 0 | 0 | |t Chuť lásky. Světová milostná pozie (12. část)-Duben (0 min., 37 sek.) |
| 505 | 0 | 0 | |t Chuť lásky. Světová milostná pozie (8. část)-Sonet (1 min., 22 sek.) |
| 505 | 0 | 0 | |t Chuť lásky. Světová milostná pozie (2. část - východní Ásie)-Milenec prý, ten, o kterém se zdává (korejská poezie) (0 min., 43 sek.) |
| 505 | 0 | 0 | |t Umění milovati-Kniha třetí: Rady ženám (37 min., 7 sek.) |
| 520 | 2 | |a IRENA KAČÍRKOVÁ (*24.3.1925 - †26.10.1985) byla krásná, vzdělaná a noblesní herečka, o které se říká, že se měla narodit v jiné době. Se svým vzhledem neslovanské, impozantní krásky nemohla ve filmech přesvědčivě ztvárnit kované soudružky, rázné selky nebo dojičky z JZD, jejichž postavy se vyskytovaly ve filmech padesátých let. O co byla díky svému zjevu ochuzena ve filmu, o to více příležitostí se jí dostávalo v divadle, kde se díky svému hereckému talentu skvěle vypořádala s rolemi všeho typu - komickými, tragickými i antickými. Na divadle se uplatnila především v zahraničním repertoáru komediálního ražení (Misantrop, Benátská vdova, Jak je důležité míti Filipa, Třetí zvonění). K vrcholům jejího divadelního umění patří Zlodějka z města Londýna v Radokově režii, Lady Torrance v Sestupu Orfeově, Alžběta v Marii Stuartovně, Jeffersonova Médea), často byla obsazována také do muzikálových inscenací, svými hereckými výkony pravidelně získávala pozornost kritiky i diváků. Z nečetných filmových rolí vyjmenujme alespoň filmy Bílá paní, Starci na chmelu, Svědomí a Byl jednou jeden král. Náš nový kompilační titul se věnuje její recitační tvorbě pro Supraphon v letech 1963 - 1980. Titul je určen pouze pro digitální obchody. | |
| 700 | 1 | |a Kačírková, Irena |4 nrt | |
| 910 | |a RBIT002 | ||
| 998 | |d 426742 |a https://core.palmknihy.cz/api/books/426742/cover?telfsr |b https://core.palmknihy.cz/api/books/426742/cover/400?telfsr |c https://core.palmknihy.cz/api/books/426742/cover/50?telfsr |e 2099-01-01 |i 859692543512 |l 2975 |q 49 |r 1 |s https://www.palmknihy.cz/kniha/426742 |t audiobook |y 2025 |z 1 | ||
| 999 | |d 302474 | ||